Mort subite Les états américains au nom amérindien - Statistiques

Statistiques générales
  • Ce quiz a été pris 124 fois
  • Le résultat moyen est 5 sur 26
Answers on the Grid
Answers color-coded by a green-red scale on the quiz's grid according to % correct below.
Alabama
Alaska
Arizona
Arkansas
Californie
Caroline-du-Nord
Caroline-du-Sud
Colorado
Connecticut
Dakota-du-Nord
Dakota-du-Sud
Delaware
Floride
Géorgie
Hawaï
Idaho
Illinois
Indiana
Iowa
Kansas
Kentucky
Louisiane
Maine
Maryland
Massachusetts
Michigan
Minnesota
Mississippi
Missouri
Montana
Nebraska
Nevada
New Hampshire
New Jersey
New York
Nouveau-Mexique
Ohio
Oklahoma
Oregon
latin
Rhode Island
Tennessee
Texas
Utah
Vermont
Virginie
Virginie-Occidentale
Washington
Wisconsin
Wyoming
 
Statistiques - réponses
Réponse % Correct
Oklahoma
42%
Utah
32%
Iowa
31%
Idaho
29%
Wyoming
29%
Arkansas
26%
Kansas
26%
Nebraska
24%
Dakota-du-Sud
23%
Dakota-du-Nord
22%
Tennessee
22%
Ohio
21%
Arizona
19%
Mississippi
19%
Massachusetts
18%
Michigan
18%
Minnesota
17%
Alabama
15%
Wisconsin
15%
Missouri
14%
Kentucky
9%
Connecticut
8%
Illinois
8%
Oregon
8%
Texas
4%
Nouveau-Mexique
3%
Aucun quiz correspondant
Distribution des résultats
% des personnes avec chaque résultat
Percentile par nombre de réponses
Votre historique - résultats
Vous n’avez pas pris ce quiz